| 000 | 01041nam a2200241 a 4500 | ||
|---|---|---|---|
| 001 | 000015968 | ||
| 005 | 20250621074006.0 | ||
| 008 | 100222s2003 dr ac r 001 0 spa d | ||
| 040 |
_aDO-SdBNP _bspa _cBNPHU |
||
| 082 |
_a352.367 _bF727m |
||
| 111 | 2 |
_aForo "Modernización del estado y sociedad activa" _d(2003 jul. 18 : _cSanto Domingo, República Dominicana) _935873 |
|
| 245 | 1 | 0 | _aPonencias del foro. |
| 260 |
_aSanto Domingo : _bFUDIS : _bFundación Friedrich Ebert, _c2003. |
||
| 300 |
_a103 p. : _bil., retrs. ; _c23 cm. |
||
| 490 | 1 |
_aForo Sociedad y Democracia _v1 |
|
| 590 | _aInventariado, 2018/BT | ||
| 650 | 4 |
_aReforma del estado _zRepública Dominicana _xCongresos, conferencias, etc. _91618 |
|
| 651 | 4 |
_aRepública Dominicana _xAdministración Pública _9657 |
|
| 651 | 0 |
_aRepública Dominicana _xPolítica y gobierno _945 |
|
| 710 | 2 |
_aFundación para el Desarrollo Integral de la Sociedad, FUDIS (República Dominicana) _935874 |
|
| 830 | 0 |
_aForo Sociedad y Democracia _v1 _935875 |
|
| 910 | _aValidado. Control de calidad. EMS | ||
| 999 |
_c15510 _d15510 |
||